000 00586nam a22001697a 4500
003 OSt
005 20241221112416.0
008 241106b |||||||| |||| 00| 0 eng d
040 _c0
082 _aDPer050 M72 January-March 2018 v. 66 no. 8-10
100 _aCanonizado, Isagani Costales.
_eauthor.
_963708
245 _aLaro sa lansangan /
_cIsagani Costales Canonizado.
260 _aPhilippines;
_bPublishers Association of the Philippines, Inc.,
_cJanuary 2019.
300 _aVolume 66, page 312,
_billustration
700 _aCanonizado, Isagani Costales
_928842
942 _2ddc
_cPER
999 _c23054
_d23054